000 00333nam a2200109 4500
005 20260520115209.0
084 _2Colon Classification
_aP:(S68:68:(D651))
100 _aMUHAMMED SHAFI ,M
_914802
245 _aSpeech based system for visually impaired people
260 _aKariavattam,
_bDept of Linguistics, UOK
_c2026
942 _2CC
_cTH
999 _c759667
_d759667